Library Banner

Intermediate algebra / (Record no. 117843)

MARC details
000 -LEADER
fixed length control field 00708cam a2200241 i 4500
001 - CONTROL NUMBER
control field 20222188
005 - DATE AND TIME OF LATEST TRANSACTION
control field 20200709120920.0
008 - FIXED-LENGTH DATA ELEMENTS--GENERAL INFORMATION
fixed length control field 171215s2019 nyua 001 0 eng
020 ## - INTERNATIONAL STANDARD BOOK NUMBER
International Standard Book Number 9780134707365 (pbk.)
020 ## - INTERNATIONAL STANDARD BOOK NUMBER
International Standard Book Number 0134707362 (pbk.)
040 ## - CATALOGING SOURCE
Transcribing agency PK-LaUMT
082 00 - DEWEY DECIMAL CLASSIFICATION NUMBER
Classification number 512.9
Edition number 23
Item number BIT-I
100 1# - MAIN ENTRY--PERSONAL NAME
Personal name Bittinger, Marvin L.
245 10 - TITLE STATEMENT
Title Intermediate algebra /
Statement of responsibility, etc by Marvin L. Bittinger, Judith A. Beecher, and Barbara L. Johnson
250 ## - EDITION STATEMENT
Edition statement 13th ed.
260 ## - PUBLICATION, DISTRIBUTION, ETC. (IMPRINT)
Place of publication, distribution, etc New York :
Name of publisher, distributor, etc Pearson,
Date of publication, distribution, etc 2019
300 ## - PHYSICAL DESCRIPTION
Extent 772 p.:
Other physical details illustrations (some color ;
Dimensions 28 cm
500 ## - GENERAL NOTE
General note Includes index.
650 #0 - SUBJECT ADDED ENTRY--TOPICAL TERM
Topical term or geographic name as entry element Algebra
700 1# - ADDED ENTRY--PERSONAL NAME
Personal name Beecher, Judith A.,
700 1# - ADDED ENTRY--PERSONAL NAME
Personal name Johnson, Barbara L.,
942 ## - ADDED ENTRY ELEMENTS (KOHA)
Koha item type Books
Holdings
Withdrawn status Lost status Damaged status Home library Current library Date acquired Full call number Barcode Date last seen Price effective from Koha item type
      UMT Main Campus UMT Main Campus 2020-07-09 512.9 BIT-I 134103 2020-07-09 2020-07-09 Books